| 000 | 00794cab a2200253 4500 | ||
|---|---|---|---|
| 001 | ABS53678 | ||
| 008 | 090401t1995 xxu||||| |||| 00| 0 eng d | ||
| 035 | _a(Sirsi) u5842 | ||
| 041 | _aeng | ||
| 100 | _aBingham, T. | ||
| 245 | _aHow not to get stung | ||
| 260 | _c1995 | ||
| 350 | _a0 | ||
| 490 |
_aBuilding _v260(7911) 6 October 1995, 32-33(2) |
||
| 520 | _aLooks at how main contractors are writing their own forms of subcontract; suggesting that these tend to be more `one-sided` than the standard forms. | ||
| 650 | _aAMMENDMENTS | ||
| 650 | _aMAIN CONTRACTORS | ||
| 650 | _aNON-STANDARD FORM OF CONTRACT | ||
| 650 | _aSTANDARD FORMS OF SUBCONTRACT | ||
| 650 | _aSUBCONTRACTORS | ||
| 690 | _aBUILT ENVIRONMENT-BUILDING CONTRACT FORMS | ||
| 942 | _n0 | ||
| 948 | _c04/03/1997 | ||
| 999 |
_c3491 _d3491 |
||